000 00298nam a2200097Ia 4500
008 180205s9999 xx 000 0 und d
020 _a9712335135
245 _a(R.A No. 9165) Comprehensive dangerous drugs act of 2002 /
260 _aRecto Avenue City
_bREX book store
_c2002
300 _aiii, 84 pages
999 _c354804
_d354804